书目信息 |
| 书名: | Human Services | |
| 作者: | Joseph Mehr. | |
| 分册号: | ||
| 分册名: | 出版地: | Boston : |
|
| 出版社: | Allyn and bacon,Inc | |
| 出版时间: | 1986. | |
| 页数: | 338 p. ; | |
| 开本: | 26cm. | |
| 丛书名: | ||
| 中图分类号: | ||
| 科图分类号: | ||
| 其他分类号: | D771.28 | |
| 主题词: | ||
| 电子资源: | ||
| 000 | 00503nam 2200169 a 4500 | |
| 001 | E0259325018 | |
| 005 | 2002030716284425 | |
| 008 | 020307s1986 00010 eng | |
| 020 | @a0-205-08716-7. | |
| 040 | @aPFT@beng | |
| 090 | @aD771.28 | |
| 099 | @dD771.28@eM498 | |
| 245 | @aHuman Services :@bConcepts and Intervention Strategies / @cJoseph Mehr. | |
| 250 | @a3rd ed. | |
| 260 | @aBoston :@bAllyn and bacon,Inc.,@c1986. | |
| 300 | @a338 p. ;@c26cm. | |
| 500 | @aIncludes bibliographical references and Index | |
| Human Services : : Concepts and Intervention Strategies / / Joseph Mehr.-3rd ed.-Boston : : Allyn and bacon,Inc., , 1986. |
| 338 p. ; ; 26cm. |
| Includes bibliographical references and Index |
| ISBN 0-205-08716-7. |
| ● |
| 相关链接 |
|
|
|
正题名:Human Services
索取号:D771.28/M498
 
预约/预借
| 序号 | 登录号 | 条形码 | 馆藏地/架位号 | 状态 | 备注 |
| 1 | 01703 | 300017032 | 社科库509/509社科库 53排3列2层/ [索取号:D771.28/M498] | 在馆 |